Conceptos sobre electricidad /Vester Robinson (Registro nro. 24698)
[ vista simple ]
| 000 -LÍDER | |
|---|---|
| fixed length control field | 00327nam a2200109 4500 |
| 082 ## - NUMERO DE CLASIFICACION DECIMAL DEWEY | |
| Número de Clasificación | 621381 020 2 R632c |
| 100 ## - ASIENTO PRINCIPAL--NOMBRE PERSONAL | |
| Nombre personal | Robinson Vester |
| 245 ## - TÍTULO | |
| Título | Conceptos sobre electricidad /Vester Robinson |
| 260 ## - PUBLICACIÓN, DISTRIBUCIÓN, ETC. (PIE DE IMPRENTA) | |
| Lugar de publicación, distribución, etc. | Mexico : Centro regional de ayuda tecnica |
| 300 ## - DESCRIPCIÓN FÍSICA | |
| Extensión | 252p/25cm. |
| 650 ## - ASIENTO SECUNDARIO DE MATERIA - TERMINO TEMÁTICO | |
| Término temático o nombre geográfico como elemento de entrada | 1.UN MANUAL PROGRAMADO DE AUTO ENSEÑANZA |
| No. biblioteca | No. biblioteca | Número de clasificación | Código de barras/Número de adquisición | Número de copia | Tipo de material |
|---|---|---|---|---|---|
| LUIS G. INCLAN | LUIS G. INCLAN | 621381 020 2 R632c | 11449 | 1 | Libros |
